[Event "Ch Trade Unions (team)"]
[Site "Ivanovo (Russia)"]
[Round "0"]
[White "Levin Naum L (AUS)"]
[Black "Lutikov Anatoly S (RUS)"]
[Result "1-0"]
[WhiteElo "2420"]
[BlackElo "2515"]

1.e4 e6 2.d4 d5 3.Nd2 Nf6 4.e5 Nfd7 5.Bd3 c5 6.c3 Nc6 7.Ne2 Qb6 8.Nf3 cxd4
9.cxd4 Bb4+ 10.Kf1 f6 11.Nf4 fxe5 12.Nxe6 Nf6 13.Nxg7+ Kf7 14.Nh5 Nxh5 15.Ng5+
Ke7 16.Qxh5 Qxd4 17.Be2 Be6 18.Qh6 Bf7 19.Nxf7 Kxf7 20.Bg5 Ke8 21.Qe6+ Ne7
22.Bb5+ {#r} 1-0

[Event "Ch Germany (juniors) (under 20)"]
[Site "Leipzig (Germany)"]
[Round "12"]
[White "Bialas Wolfram (GER)"]
[Black "Uhlmann Wolfgang (GER)"]
[Result "0-1"]
[WhiteElo "2325"]
[BlackElo "2379"]

1.e4 e6 2.d4 d5 3.Nd2 Nf6 4.e5 Nfd7 5.Bd3 c5 6.c3 Nc6 7.Ne2 Qb6 8.Nf3 cxd4
9.cxd4 f6 10.exf6 Bb4+ 11.Bd2 Nxf6 12.O-O O-O 13.a3 Bd6 14.b4 e5 15.dxe5 Nxe5
16.Nxe5 Bxe5 17.Bc3 Bxh2+ 18.Kxh2 Ng4+ 19.Kg3 Rxf2 20.Bd2 Ne3 21.Rxf2 Qd6+
22.Kf3 Bg4+ 23.Kxe3 Qe5+ {#R} 0-1

[Event "Ch URS (1/2 final)"]
[Site "Sverdlovsk (Russia)"]
[Round "11"]
[White "Muhutdinov Marat (RUS)"]
[Black "Vladimirov Boris T (RUS)"]
[Result "0-1"]
[WhiteElo "2386"]
[BlackElo "2340"]

1.e4 e6 2.d4 d5 3.Nd2 Nf6 4.e5 Nfd7 5.Bd3 c5 6.c3 Nc6 7.Ne2 cxd4 8.cxd4 Qb6
9.Nf3 f6 10.exf6 Nxf6 11.O-O Bd6 12.Qd2 O-O 13.b3 Ng4 14.Ng3 e5 15.dxe5 Ncxe5
16.Nxe5 Nxf2 17.Rxf2 Rxf2 {#R} 0-1

[Event "Zt"]
[Site "Praia da Rocha (Italy)"]
[Round "4"]
[White "Feller Joseph (LUX)"]
[Black "Durao Joaquim (POR)"]
[Result "0-1"]
[WhiteElo "2182"]
[BlackElo "1914"]

1.e4 e6 2.d4 d5 3.Nd2 Nf6 4.e5 Nfd7 5.Bd3 c5 6.c3 Nc6 7.Ne2 Qb6 8.Nf3 cxd4
9.cxd4 f6 10.exf6 Nxf6 11.O-O Bd6 12.Nc3 O-O 13.Be3 a6 14.Na4 Qc7 15.Rc1 Ne4
16.Qc2 Rxf3 17.gxf3 Nf6 18.Kg2 Qf7 19.Nb6 Qh5 20.h4 e5 21.Nxa8 Bh3+ 22.Kg3 e4+
{#R} 0-1

[Event "Ch Czechoslovakia (1/2 final) (C)"]
[Site "Havirov (Czech Republic)"]
[Round "3"]
[White "Vykydal Frantisek (CZE)"]
[Black "Svoboda Vaclav (CZE)"]
[Result "1-0"]
[WhiteElo "2134"]
[BlackElo "2321"]

1.e4 e6 2.d4 d5 3.Nd2 Nf6 4.e5 Nfd7 5.Bd3 c5 6.c3 Nc6 7.Ne2 Qb6 8.Nf3 cxd4
9.cxd4 f6 10.exf6 Nxf6 11.O-O Bd6 12.b3 O-O 13.Bb2 Bd7 14.Ng3 Nb4 15.Bb1 Rae8
16.a3 Nc6 17.Ne5 Qc7 18.f4 Ne7 19.Nh5 Nf5 20.Re1 Bb5 {#r} 1-0

[Event "Tournament"]
[Site "Athens (Greece)"]
[Round "0"]
[White "Skembris Spyridon (GRE)"]
[Black "Kourkounakis Ilias (GRE)"]
[Result "1-0"]
[WhiteElo "2463"]
[BlackElo "2381"]

1.e4 e6 2.d4 d5 3.Nd2 Nf6 4.e5 Nfd7 5.Bd3 c5 6.c3 Nc6 7.Ne2 Qb6 8.Nf3 cxd4
9.cxd4 f5 10.exf6 Nxf6 11.O-O Bd6 12.a3 a5 13.Nc3 Nxd4 14.Nxd4 Qxd4 15.Bb5+
{#r} 1-0

[Event "It (open)"]
[Site "Phoenix (USA)"]
[Round "0"]
[White "Maki Juha (FIN)"]
[Black "Watson John L (USA)"]
[Result "0-1"]
[WhiteElo "1969"]
[BlackElo "2333"]

1.e4 e6 2.d4 d5 3.Nd2 Nf6 4.e5 Nfd7 5.Bd3 c5 6.c3 Nc6 7.Ne2 Qb6 8.Nf3 cxd4
9.cxd4 f6 10.exf6 Nxf6 11.O-O Bd6 12.b3 O-O 13.Bg5 e5 14.dxe5 Nxe5 15.Nxe5
Bxe5 16.Rc1 Ng4 17.Bb1 Rxf2 18.Rxf2 Bxh2+ 19.Kh1 Nxf2+ 20.Kxh2 Nxd1 21.Rxd1
Bg4 {#R} 0-1

[Event "It (open)"]
[Site "San Francisco (USA)"]
[Round "2"]
[White "Jones Charles B (USA)"]
[Black "Cleghorn Peter (USA)"]
[Result "1-0"]
[WhiteElo "2225"]
[BlackElo "2405"]

1.e4 e6 2.d4 d5 3.Nd2 Nf6 4.e5 Nfd7 5.Bd3 c5 6.c3 Nc6 7.Ne2 cxd4 8.cxd4 Nb6
9.O-O Bd7 10.f4 g6 11.Nf3 h5 12.Rf2 Rc8 13.b3 Nb4 14.Bb1 Bb5 15.a3 Qc7 16.axb4
Bxe2 17.Qxe2 Qxc1+ 18.Rf1 Qc6 19.Bd3 Qc7 20.Rxa7 Bxb4 21.Bxg6 {#r} 1-0

[Event "Ch Hungary"]
[Site "Budapest (Hungary)"]
[Round "0"]
[White "Groszpeter Attila (HUN)"]
[Black "Farago Ivan (HUN)"]
[Result "1-0"]
[WhiteElo "2230"]
[BlackElo "2510"]

1.e4 e6 2.d4 d5 3.Nd2 Nf6 4.e5 Nfd7 5.c3 c5 6.Bd3 Nc6 7.Ne2 cxd4 8.cxd4 f6
9.exf6 Nxf6 10.O-O Qb6 11.Nf3 Bd6 12.Nc3 O-O 13.Be3 Bd7 14.Rc1 Rae8 15.Ne5
Qxb2 16.Nxd7 Nxd7 17.Nb5 Bb8 18.Bd2 a6 19.Rc2 Qxc2 20.Qxc2 axb5 21.Bxh7+ Kh8
22.Bg6 Nxd4 23.Qd1 {#r} 1-0

[Event "Olympiad"]
[Site "Buenos Aires (Argentina)"]
[Round "1"]
[White "Savereide Diane (USA)"]
[Black "Borisova Borislava (SWE)"]
[Result "0-1"]
[WhiteElo "2250"]
[BlackElo "2089"]

1.e4 e6 2.d4 d5 3.Nd2 Nf6 4.e5 Nfd7 5.Bd3 c5 6.c3 Nc6 7.Ne2 cxd4 8.cxd4 f6
9.exf6 Nxf6 10.O-O Bd6 11.Nf3 e5 12.dxe5 Nxe5 13.Nxe5 Bxe5 14.Bf4 Bxf4 15.Nxf4
O-O 16.Qb3 Kh8 17.Rad1 Qd6 18.g3 g5 19.Ng2 Bh3 20.Rd2 Rf7 21.Bc4 dxc4 22.Qxc4
Qc6 {#R} 0-1

[Event "It \"]
[Site "Greece"]
[Round "2"]
[White "Yilmaz Gulsevil (TUR)"]
[Black "Voiska Margarita (BUL)"]
[Result "0-1"]
[WhiteElo "2005"]
[BlackElo "2336"]

1.e4 e6 2.d4 d5 3.Nd2 Nf6 4.Bd3 c5 5.e5 Nfd7 6.c3 Nc6 7.Ne2 Qb6 8.Nf3 cxd4
9.cxd4 f6 10.Qa4 fxe5 11.Nxe5 Bb4+ 12.Kf1 Ndxe5 13.dxe5 O-O 14.f3 Nxe5 15.Qc2
Nxf3 16.Nf4 Ng5 17.Ke2 e5 18.h4 Bg4+ 19.Kf1 Ne4 20.Bxe4 dxe4 21.Qxe4 exf4
22.Bxf4 Rxf4+ {#R} 0-1

[Event "Ch Denmark (juniors)"]
[Site "Ribe (Denmark)"]
[Round "1"]
[White "Beckemeier Werner (GER)"]
[Black "Wiedenkeller Michael (SWE)"]
[Result "1-0"]
[WhiteElo "2384"]
[BlackElo "2473"]

1.e4 e6 2.d4 d5 3.Nd2 Nf6 4.Bd3 c5 5.e5 Nfd7 6.c3 Nc6 7.Ne2 cxd4 8.cxd4 f6
9.Nf4 Nxd4 10.Qh5+ Ke7 11.Ng6+ hxg6 12.exf6+ Nxf6 13.Qxh8 Kf7 14.O-O e5 15.Nb3
Nxb3 16.axb3 Qb6 17.Bxg6+ Kxg6 18.Qxf8 Qd4 19.Ra4 Qd3 20.Rh4 b6 21.Re1 Qf5
22.Bh6 Nh5 23.Qe8+ {#r} 1-0

[Event "Ch Sweden"]
[Site "Sweden"]
[Round "0"]
[White "Rorvall Goran (SWE)"]
[Black "Bjork Carl-Magnus (SWE)"]
[Result "1-0"]
[WhiteElo "2242"]
[BlackElo "2334"]

1.e4 e6 2.d4 d5 3.Nd2 Nf6 4.e5 Nfd7 5.Bd3 c5 6.c3 Nc6 7.Ne2 cxd4 8.cxd4 Nb6
9.O-O Bd7 10.a3 a5 11.b3 Rc8 12.Nf3 Be7 13.Bd2 Kf8 14.g3 h5 15.h4 g6 16.Bg5 a4
17.b4 Na7 18.Nf4 Bxg5 19.Nxg5 Rh6 20.Bxg6 Rxg6 21.Nxg6+ {#r} 1-0

[Event "Ch Great Britain"]
[Site "Chester (England)"]
[Round "1"]
[White "Horner Jeff (ENG)"]
[Black "Anderton David W (ENG)"]
[Result "1-0"]
[WhiteElo "2345"]
[BlackElo "2221"]

1.e4 e6 2.d4 d5 3.Nd2 Nf6 4.e5 Nfd7 5.c3 c5 6.Bd3 Nc6 7.Ne2 cxd4 8.cxd4 Nb6
9.O-O Bd7 10.a3 a5 11.b3 h5 12.Nb1 a4 13.b4 Rc8 14.Be3 Na7 15.Nbc3 Ra8 16.Nf4
h4 17.Ng6 Rg8 18.Qh5 Qc7 19.Qh7 {#r} 1-0

[Event "Tournament"]
[Site "Odense (Denmark)"]
[Round "3"]
[White "Norgaard Jesper (DEN)"]
[Black "Rasmussen Karsten (DEN)"]
[Result "1-0"]
[WhiteElo "2408"]
[BlackElo "2424"]

1.e4 e6 2.d4 d5 3.Nd2 Nf6 4.e5 Nfd7 5.Bd3 c5 6.c3 Nc6 7.Ne2 cxd4 8.cxd4 f6
9.exf6 Nxf6 10.Nf3 Bd6 11.O-O Qc7 12.Bg5 O-O 13.Bh4 Nh5 14.Qc2 h6 15.Bg3 Nf4
16.Nxf4 Bxf4 17.Bxf4 Bd7 18.Rfe1 Rac8 19.Rac1 Qb6 {#r} 1-0

[Event "It (b)"]
[Site "Trnava (Slovakia)"]
[Round "1"]
[White "Puskas Miroslav (SVK)"]
[Black "Drvota Antonin (CZE)"]
[Result "0-1"]
[WhiteElo "1948"]
[BlackElo "2200"]

1.e4 e6 2.d4 d5 3.Nd2 Nf6 4.e5 Nfd7 5.Bd3 c5 6.c3 Nc6 7.Ne2 cxd4 8.cxd4 f6
9.f4 fxe5 10.fxe5 Nxd4 11.O-O Qh4 12.Kh1 Nxe5 13.Nxd4 Qxd4 14.Bb5+ Bd7 15.Qe2
O-O-O 16.Nb3 Bxb5 17.Qxb5 Qc4 18.Qxc4+ dxc4 19.Bf4 Nd3 20.Na5 Bb4 21.Nxc4 Rd4
{#R} 0-1

[Event "It \"]
[Site "Oslo (Norway)"]
[Round "0"]
[White "Hakki Imad (SYR)"]
[Black "Wiedenkeller Michael (SWE)"]
[Result "0-1"]
[WhiteElo "2362"]
[BlackElo "2473"]

1.e4 e6 2.d4 d5 3.Nd2 Nf6 4.e5 Nfd7 5.Bd3 c5 6.c3 Nc6 7.Ne2 Qb6 8.Nf3 cxd4
9.cxd4 f6 10.exf6 Nxf6 11.O-O Bd6 12.Nc3 O-O 13.Be3 Qd8 14.Re1 Kh8 15.Bg5 a6
16.a3 Qc7 17.Rc1 Ng4 18.h3 Bh2+ 19.Kf1 Nxf2 20.Kxf2 Qg3+ 21.Ke3 e5 22.Nxd5
Bxh3 23.gxh3 exd4+ {#R} 0-1

[Event "It (open)"]
[Site "Venice (Italy)"]
[Round "7"]
[White "Vujovic Milorad (SRB)"]
[Black "Larsson Anders (SWE)"]
[Result "0-1"]
[WhiteElo "2277"]
[BlackElo "2241"]

1.e4 e6 2.d4 d5 3.Nd2 Nf6 4.e5 Nfd7 5.Bd3 c5 6.c3 Nc6 7.Ne2 Qb6 8.Nf3 cxd4
9.cxd4 f6 10.exf6 Nxf6 11.O-O Bd6 12.Re1 O-O 13.a3 Bd7 14.Bf4 Bxf4 15.Nxf4
Rae8 16.b4 a6 17.g3 Nxd4 18.Nxd4 e5 {#R} 0-1

[Event "Zt (cat.6)"]
[Site "Budva (Yugoslavia)"]
[Round "0"]
[White "Fernandes Antonio (POR)"]
[Black "Attard Wilfred (MLT)"]
[Result "1-0"]
[WhiteElo "2390"]
[BlackElo "2225"]

1.e4 e6 2.d4 d5 3.Nd2 Nf6 4.e5 Nfd7 5.Bd3 c5 6.c3 Nc6 7.Ne2 cxd4 8.cxd4 f6
9.exf6 Nxf6 10.Nf3 Bb4+ 11.Bd2 Qb6 12.O-O Bxd2 13.Qxd2 O-O 14.Rae1 Bd7 15.Bb1
Ne7 16.Nc3 Rac8 17.Re5 Rc4 18.Rd1 a6 19.Rg5 Nf5 20.Bxf5 exf5 21.Ne5 Rxc3
22.Nxd7 Qd6 23.Nxf6+ Qxf6 24.bxc3 {#r} 1-0

[Event "?"]
[Site "Tuzla (Bosnia & Herzegovina)"]
[Round "0"]
[White "Nurkic Sahbaz (BIH)"]
[Black "Sprecic Mustafa (BIH)"]
[Result "1-0"]
[WhiteElo "2418"]
[BlackElo "2310"]

1.e4 e6 2.d4 d5 3.Nd2 Nf6 4.e5 Nfd7 5.Bd3 c5 6.c3 cxd4 7.cxd4 Nc6 8.Ne2 Nb6
9.O-O Bd7 10.a3 a5 11.f4 g6 12.Nf3 a4 13.g4 h5 14.f5 hxg4 15.fxg6 gxf3
16.gxf7+ Kxf7 17.Rxf3+ Kg8 18.Rg3+ Bg7 19.Bg5 Qf8 20.Bf6 {#r} 1-0

[Event "It (open)"]
[Site "Lugano (Switzerland)"]
[Round "0"]
[White "Petkovski Vlatko (MKD)"]
[Black "Maier Christian (GER)"]
[Result "0-1"]
[WhiteElo "2160"]
[BlackElo "2352"]

1.e4 e6 2.d4 d5 3.Nd2 Nf6 4.e5 Nfd7 5.Bd3 c5 6.c3 Nc6 7.Ne2 cxd4 8.cxd4 f6
9.exf6 Qxf6 10.Nf3 Bd6 11.Bg5 Qf7 12.Bh4 e5 13.dxe5 Ndxe5 14.Nxe5 Bxe5 15.Qc2
Qh5 16.Bg3 O-O 17.O-O Bf5 18.Bxf5 Qxf5 19.Qb3 Bxg3 20.Nxg3 Qf7 21.Rad1 Rad8
{#R} 0-1

[Event "Ch URS (team)"]
[Site "Moscow (Russia)"]
[Round "0"]
[White "Vaganian Rafael A (ARM)"]
[Black "Psakhis Lev (ISR)"]
[Result "1-0"]
[WhiteElo "2630"]
[BlackElo "2565"]

1.d4 e6 2.e4 d5 3.Nd2 Nf6 4.e5 Nfd7 5.Bd3 c5 6.c3 Nc6 7.Ne2 cxd4 8.cxd4 f6
9.Nf4 Nxd4 10.Qh5+ Ke7 11.Ng6+ hxg6 12.exf6+ Nxf6 13.Qxh8 Kf7 14.O-O e5 15.Nb3
Nxb3 16.axb3 Qb6 17.Bxg6+ Kxg6 18.Qxf8 Qe6 19.f4 Qb6+ 20.Kh1 Qb5 21.Bd2 Qe2
22.fxe5 Qxe5 23.Ra4 Ne4 24.Bc3 {#r} 1-0

[Event "It (open)"]
[Site "Ramsgate (England)"]
[Round "0"]
[White "Renet Olivier (FRA)"]
[Black "Duxbury Craig (AUS)"]
[Result "1-0"]
[WhiteElo "2486"]
[BlackElo "2261"]

1.e4 e6 2.d4 d5 3.Nd2 Nf6 4.e5 Nfd7 5.c3 c5 6.Bd3 Nc6 7.Ne2 Qb6 8.O-O cxd4
9.cxd4 f6 10.exf6 Nxf6 11.Nf3 Bd6 12.Nc3 O-O 13.Be3 Qd8 14.Re1 Qe8 15.Ne5 Bxe5
16.dxe5 Nxe5 17.Bc5 Nxd3 18.Qxd3 Bd7 19.Bxf8 Qxf8 20.Qd4 Qd6 21.Ne4 Nxe4
22.Rxe4 Rc8 23.Re3 Rc4 24.Qxa7 {#r} 1-0

[Event "Ch RLPF"]
[Site "Wittlich (Germany)"]
[Round "5"]
[White "Seul Georg (GER)"]
[Black "Feibert Fred (GER)"]
[Result "1-0"]
[WhiteElo "2443"]
[BlackElo "2285"]

1.e4 e6 2.d4 d5 3.Nd2 Nf6 4.e5 Nfd7 5.c3 c5 6.Bd3 cxd4 7.cxd4 Nc6 8.Ne2 Qb6
9.Nf3 Bb4+ 10.Kf1 f6 11.Qc2 fxe5 12.Bxh7 e4 13.Bg6+ Kf8 14.Ng5 Nf6 15.h4 e5
16.dxe5 Ng4 17.Nf4 Nd4 18.Qa4 Nc6 19.Ngh3 Rxh4 20.Nxd5 Rxh3 21.Be3 Rxh1+
22.Ke2 Qd4 {#r} 1-0

[Event "Ch URS (juniors)"]
[Site "Daugavpils (Latvia)"]
[Round "0"]
[White "Sorokin Maxim (RUS)"]
[Black "Ulibin Mikhail (RUS)"]
[Result "0-1"]
[WhiteElo "2490"]
[BlackElo "2561"]

1.e4 e6 2.d4 d5 3.Nd2 Nf6 4.e5 Nfd7 5.c3 c5 6.Bd3 Nc6 7.Ne2 cxd4 8.cxd4 f6
9.exf6 Nxf6 10.Nf3 Bd6 11.O-O Qc7 12.g3 O-O 13.Bf4 Bd7 14.Rc1 Ng4 15.Bb5 Bxf4
16.Nxf4 Rxf4 17.gxf4 Qxf4 18.Rc3 Rf8 19.h3 Nce5 20.dxe5 Bxb5 21.Re1 Nxf2
22.Kxf2 d4 23.Rd3 Qh2+ 24.Kf1 Qg3 {#R} 0-1

[Event "corr."]
[Site "Germany"]
[Round "0"]
[White "Repp Heinrich (GER)"]
[Black "Esterluss Hans (GER)"]
[Result "1-0"]
[WhiteElo "2106"]
[BlackElo "2079"]

1.e4 e6 2.d4 d5 3.Nd2 Nf6 4.e5 Nfd7 5.Bd3 c5 6.c3 Nc6 7.Ne2 cxd4 8.cxd4 f6
9.exf6 Nxf6 10.Nf3 Bd6 11.O-O Qc7 12.Nc3 a6 13.Bg5 O-O 14.Bh4 Nh5 15.Ng5 g6
16.Bg3 Ng7 17.Qg4 Nf5 18.Bxf5 Rxf5 19.Qh4 Bxg3 20.fxg3 Qg7 21.Rxf5 gxf5 22.Ne2
Bd7 23.Nf4 Rd8 24.Ngxe6 {#r} 1-0

[Event "It (open)"]
[Site "West Berlin (Germany)"]
[Round "0"]
[White "Donegani Hans-Peter (GER)"]
[Black "Reefschlaeger Helmut Dr (GER)"]
[Result "0-1"]
[WhiteElo "2111"]
[BlackElo "2390"]

1.e4 e6 2.d4 d5 3.Nd2 Nf6 4.e5 Nfd7 5.Bd3 c5 6.c3 Nc6 7.Ne2 cxd4 8.cxd4 f6
9.exf6 Nxf6 10.Nf3 Bd6 11.Bf4 Bxf4 12.Nxf4 O-O 13.O-O Qb6 14.Re1 Qxb2 15.Nxe6
Bxe6 16.Re2 Qa3 17.Rxe6 Rae8 18.Qe2 Kh8 19.Bf5 Rxe6 20.Bxe6 Re8 21.Re1 Nd8
22.Ng5 h6 23.Qc2 hxg5 24.Re3 Rxe6 {#R} 0-1

[Event "It (open) \"]
[Site "Adelaide (Australia)"]
[Round "4"]
[White "Hay Trevor (AUS)"]
[Black "Viner Phillip (AUS)"]
[Result "1-0"]
[WhiteElo "2287"]
[BlackElo "2046"]

1.e4 e6 2.d4 d5 3.Nd2 Nf6 4.e5 Nfd7 5.Bd3 c5 6.c3 Nc6 7.Ne2 cxd4 8.cxd4 f6
9.exf6 Qxf6 10.O-O Bd6 11.Nf3 O-O 12.Bc2 Re8 13.Ng3 Nf8 14.Be3 Kh8 15.Nh5 Qe7
16.Re1 Bd7 17.Nf4 Rac8 18.a3 Nd8 19.Bd2 Qf6 20.Nh5 Qf7 21.Ng5 Qg8 22.Nf4 Rc4
23.Bxh7 {#r} 1-0

[Event "It (open)"]
[Site "Chorzow (Poland)"]
[Round "0"]
[White "Nowak Jan (POL)"]
[Black "Banasik Henryk (POL)"]
[Result "0-1"]
[WhiteElo "2065"]
[BlackElo "2118"]

1.e4 e6 2.d4 d5 3.Nd2 Nf6 4.e5 Nfd7 5.Bd3 c5 6.c3 Nc6 7.Ne2 cxd4 8.cxd4 f6
9.exf6 Nxf6 10.O-O Bd6 11.a3 O-O 12.h3 Nh5 13.Nf3 Rxf3 14.gxf3 Qh4 15.Kg2 e5
16.Rh1 Be6 17.Be3 exd4 18.Bc1 Rf8 19.Ng1 Bf4 20.Ne2 Qg5+ 21.Kf1 Bxc1 22.Rxc1
Rxf3 23.h4 Qe3 {#R} 0-1

[Event "It (open) \"]
[Site "Cologne (Germany)"]
[Round "0"]
[White "Danner Georg (AUT)"]
[Black "Meyer Peter (GER)"]
[Result "0-1"]
[WhiteElo "2405"]
[BlackElo "2086"]

1.e4 e6 2.d4 d5 3.Nd2 Nf6 4.e5 Nfd7 5.Bd3 c5 6.c3 Nc6 7.Ne2 cxd4 8.cxd4 f6
9.exf6 Nxf6 10.O-O Bd6 11.Nf3 Qc7 12.Bg5 O-O 13.Bh4 Nh5 14.Rc1 g6 15.a3 Qg7
16.b4 a6 17.Rc3 Rxf3 18.gxf3 Nxd4 19.Nxd4 Qxd4 20.Qc2 Qxh4 21.Rxc8+ Kg7 22.Rc1
Qxh2+ 23.Kf1 Nf4 24.Ke1 Rxc8 {#R} 0-1

[Event "It"]
[Site "Switzerland"]
[Round "0"]
[White "Lutz Christopher (GER)"]
[Black "Terreaux Gilles (SUI)"]
[Result "0-1"]
[WhiteElo "2571"]
[BlackElo "2287"]

1.e4 e6 2.d4 d5 3.Nd2 Nf6 4.e5 Nfd7 5.Bd3 c5 6.c3 Nc6 7.Ne2 Qb6 8.Nf3 cxd4
9.cxd4 f6 10.exf6 Nxf6 11.O-O Bd6 12.Bd2 O-O 13.Bc3 Bd7 14.Ng3 Bf4 15.Ne5 Be8
16.b4 Kh8 17.Ne2 Bh5 18.b5 Nxe5 19.dxe5 Ng4 20.Nxf4 Rxf4 21.Qe2 Nxf2 22.Qxh5
Nh3+ {#R} 0-1

[Event "?"]
[Site "URS"]
[Round "0"]
[White "Bukhtin Vladimir S (RUS)"]
[Black "Komarov Dimitri (UKR)"]
[Result "1-0"]
[WhiteElo "2425"]
[BlackElo "2519"]

1.e4 e6 2.d4 d5 3.Nd2 Nf6 4.e5 Nfd7 5.Bd3 c5 6.c3 Nc6 7.Ne2 cxd4 8.cxd4 f6
9.exf6 Nxf6 10.Nf3 Bd6 11.O-O O-O 12.Bf4 Bxf4 13.Nxf4 Ne4 14.Ne2 Rxf3 15.gxf3
Ng5 16.Kh1 Qf6 17.f4 e5 18.dxe5 Nxe5 19.f3 Nxd3 20.Qxd3 Nf7 21.Qd4 Qh6 22.Rg1
Be6 23.Rxg7+ {#r} 1-0

[Event "Europe Tournament (corr.)"]
[Site "corr."]
[Round "0"]
[White "Poenisch Eckehard (GER)"]
[Black "Namyslo Holger (GER)"]
[Result "0-1"]
[WhiteElo "2214"]
[BlackElo "2228"]

1.e4 e6 2.d4 d5 3.Nd2 Nf6 4.e5 Nfd7 5.Bd3 c5 6.c3 Nc6 7.Ne2 cxd4 8.cxd4 f6
9.exf6 Nxf6 10.O-O Bd6 11.Nf3 Qc7 12.Nc3 a6 13.Bg5 O-O 14.Bh4 Nh5 15.Bg3 Nxg3
16.hxg3 g6 17.Qd2 Qg7 18.Rad1 Nxd4 19.Bb1 Rxf3 20.Qxd4 Qxd4 21.Rxd4 Rf7 22.Rd2
Bd7 23.a3 Be5 24.Na4 Bxa4 {#R} 0-1

[Event "It (open)"]
[Site "Dornbirn (Austria)"]
[Round "0"]
[White "Kanonier Clemens (AUT)"]
[Black "Schmid Michael_ (GER)"]
[Result "0-1"]
[WhiteElo "2112"]
[BlackElo "2206"]

1.e4 e6 2.d4 d5 3.Nd2 Nf6 4.e5 Nfd7 5.Bd3 c5 6.c3 Nc6 7.Ne2 Qb6 8.Nf3 cxd4
9.cxd4 f6 10.Nf4 fxe5 11.Nxe5 Ndxe5 12.dxe5 Nxe5 13.Qh5+ Nf7 14.Ng6 hxg6
15.Qxh8 Nxh8 {#R} 0-1

[Event "Ch Finland (juniors)"]
[Site "Finland"]
[Round "0"]
[White "Holmsten Aleksei (FIN)"]
[Black "Manninen Marko (FIN)"]
[Result "0-1"]
[WhiteElo "2350"]
[BlackElo "2377"]

1.e4 e6 2.d4 d5 3.Nd2 Nf6 4.e5 Nfd7 5.Bd3 c5 6.c3 Nc6 7.Ne2 Qb6 8.Nf3 cxd4
9.cxd4 f6 10.exf6 Nxf6 11.O-O Bd6 12.a3 O-O 13.b4 e5 14.dxe5 Nxe5 15.Nxe5 Bxe5
16.Ra2 Ng4 17.Ng3 Bd4 18.Qe1 Bd7 19.Re2 Rae8 20.Nh1 Qd6 21.g3 Ne5 {#R} 0-1

[Event "Bundesliga 1988/89"]
[Site "Germany"]
[Round "0"]
[White "Beckmann Klaus (GER)"]
[Black "Boehle Lars (GER)"]
[Result "0-1"]
[WhiteElo "2296"]
[BlackElo "2219"]

1.e4 e6 2.d4 d5 3.Nd2 Nf6 4.e5 Nfd7 5.Bd3 c5 6.c3 Nc6 7.Ne2 cxd4 8.cxd4 Qb6
9.Nf3 f6 10.exf6 Nxf6 11.O-O Bd6 12.Nc3 O-O 13.Bg5 Bd7 14.Rc1 Kh8 15.Na4 Qc7
16.Nc5 Rae8 17.Re1 Ng4 18.Nxd7 Bxh2+ 19.Kf1 Qxd7 20.Nxh2 Nxf2 {#R} 0-1

[Event "It (cat.7)"]
[Site "Naleczow (Poland)"]
[Round "7"]
[White "Solozhenkin Evgeniy (RUS)"]
[Black "Gdanski Jacek (POL)"]
[Result "1-0"]
[WhiteElo "2489"]
[BlackElo "2395"]

1.e4 e6 2.d4 d5 3.Nd2 Nf6 4.e5 Nfd7 5.Bd3 c5 6.c3 Nc6 7.Ne2 cxd4 8.cxd4 f6
9.exf6 Nxf6 10.Nf3 Bd6 11.O-O O-O 12.Bf4 Bxf4 13.Nxf4 Ne4 14.Ne2 Rxf3 15.gxf3
Ng5 16.f4 Nf3+ 17.Kg2 Nh4+ 18.Kh1 Nf3 19.Bxh7+ Kh8 20.Qd3 Nh4 21.Rg1 Qf6
22.Rg5 {#r} 1-0

[Event "It (open)"]
[Site "Novi Sad (Yugoslavia)"]
[Round "8"]
[White "Baretic Dragoljub (SRB)"]
[Black "Popic Simeon (SRB)"]
[Result "1-0"]
[WhiteElo "2097"]
[BlackElo "2070"]

1.e4 e6 2.d4 d5 3.Nd2 Nf6 4.e5 Nfd7 5.Bd3 c5 6.c3 Nc6 7.Ne2 cxd4 8.cxd4 Qb6
9.Nf3 Bb4+ 10.Kf1 f5 11.a3 Be7 12.b4 O-O 13.b5 Nd8 14.g3 Nf7 15.Kg2 Kh8 16.h4
Qd8 17.Nf4 Nb6 18.Ng5 Nxg5 19.hxg5 Qe8 20.Rxh7+ Kg8 21.Qh1 {#r} 1-0

[Event "It (open)"]
[Site "Nuernberg (Germany)"]
[Round "0"]
[White "Dorst Johannes (GER)"]
[Black "Hoelzlein Michael (GER)"]
[Result "0-1"]
[WhiteElo "2192"]
[BlackElo "2211"]

1.e4 e6 2.d4 d5 3.Nd2 Nf6 4.e5 Nfd7 5.Bd3 c5 6.c3 Nc6 7.Ne2 cxd4 8.cxd4 f6
9.exf6 Nxf6 10.O-O Bd6 11.Nf3 Qc7 12.Bg5 O-O 13.Rc1 Bd7 14.Bh4 Nh5 15.Nc3 Bf4
16.Rb1 Be8 17.Bg5 h6 18.Bxf4 Nxf4 19.Re1 Bh5 20.Bf1 Nh3+ 21.gxh3 Rxf3 22.Be2
Rxh3 {#R} 0-1

[Event "It (open)"]
[Site "Saint John (Canada)"]
[Round "0"]
[White "Tolnai Tibor (HUN)"]
[Black "Lindsay Fred (USA)"]
[Result "1-0"]
[WhiteElo "2465"]
[BlackElo "2299"]

1.e4 e6 2.d4 d5 3.Nd2 Nf6 4.e5 Nfd7 5.c3 c5 6.Bd3 Nc6 7.Ne2 Qb6 8.Nf3 cxd4
9.cxd4 f6 10.exf6 Nxf6 11.O-O Bd6 12.Nc3 O-O 13.Bg5 Kh8 14.Rc1 Bd7 15.Na4 Qc7
16.Bh4 Rae8 17.Bg3 Bxg3 18.hxg3 Qd6 19.Nc5 Bc8 20.Bb5 Ng4 21.Nd3 e5 22.Bxc6
Qh6 23.Bxe8 {#r} 1-0

[Event "Olympiad"]
[Site "Salonika (Greece)"]
[Round "0"]
[White "Schepel Kaarlo (HKG)"]
[Black "Casadei Mauro (ITA)"]
[Result "1-0"]
[WhiteElo "2155"]
[BlackElo "2167"]

1.e4 e6 2.d4 d5 3.Nd2 Nf6 4.Bd3 c5 5.c3 Nc6 6.e5 Nd7 7.Ne2 cxd4 8.cxd4 Qb6
9.Nf3 f6 10.exf6 Nxf6 11.O-O Bd6 12.Bf4 Bxf4 13.Nxf4 Qxb2 14.Re1 O-O 15.Nxe6
Bxe6 16.Rxe6 Rae8 17.Rxe8 Rxe8 18.Qc1 Qxc1+ 19.Rxc1 Rc8 20.Ne5 Re8 21.Nxc6
bxc6 22.f3 Re3 23.Rc3 Ne4 24.fxe4 {#r} 1-0

[Event "It (open)"]
[Site "Wiesbaden (Germany)"]
[Round "7"]
[White "Bode Ulf (GER)"]
[Black "Schmitt Christian (GER)"]
[Result "1-0"]
[WhiteElo "2220"]
[BlackElo "2183"]

1.e4 e6 2.d4 d5 3.Nd2 Nf6 4.e5 Nfd7 5.c3 c5 6.Bd3 Nc6 7.Ne2 cxd4 8.cxd4 f6
9.exf6 Nxf6 10.Nf3 Bd6 11.O-O Qc7 12.h3 O-O 13.Be3 e5 14.dxe5 Bxe5 15.Nxe5
Nxe5 16.Rc1 Qf7 17.Bb1 g5 18.f4 gxf4 19.Bxf4 Nc6 20.Bh6 Be6 21.Qd3 Ne5 22.Qg3+
Ng6 23.Rc7 {#r} 1-0